Statistics for Non-Bordering Countries Sharing Borders Over Water

Click here to take the quiz!

General Stats

  • This quiz has been taken 54 times
  • The average score is 34 of 48

Answer Stats

Answer% Correct
Russia
94%
United States
94%
Japan
92%
China
90%
Indonesia
90%
France
88%
United Kingdom
88%
Australia
87%
Saudi Arabia
85%
Taiwan
85%
Iran
83%
Sweden
83%
India
81%
Malaysia
81%
Qatar
81%
Bahamas
79%
Bahrain
79%
Canada
79%
Cuba
79%
Denmark
79%
Oman
79%
Sri Lanka
79%
United Arab Emirates
79%
Egypt
77%
Italy
77%
Singapore
77%
Yemen
75%
Papua New Guinea
73%
Dominica
71%
Venezuela
71%
St Kitts and Nevis
69%
St Lucia
69%
Trinidad and Tobago
69%
Philippines
67%
St Vincent and the Grenadines
67%
Netherlands
65%
Grenada
63%
Croatia
62%
Djibouti
62%
Dominican Republic
62%
Solomon Islands
62%
Eritrea
60%
Antigua and Barbuda
56%
Jordan
46%
Nicaragua
23%
DR Congo
21%
El Salvador
21%
Tanzania
21%

Score Distribution

Percentile by Number Answered

Percent of People with Each Score

Your Score History

You have not taken this quiz